Aztec Gods - Statistics

General Stats
  • This quiz has been taken 295 times
  • The average score is 7 of 11
Answer Stats
Hint Answer % Correct
Tlaloc Rain
82%
Huitzilopochtli War
78%
Tonatiu Sun
76%
Coyolxauhqui Moon
66%
Mictlantecuhtli Underworld
62%
Xiuhtecuhtli Fire
61%
Tezcatlipoca Night
60%
Ehecatl Wind
59%
Quetzalcoatl Morning Star
56%
Chlchiuhtlicue Water
55%
Centeotl Maize
54%
No matching quizzes found
Score Distribution
Percent of People with Each Score
Percentile by Number Answered
Your Score History
You have not taken this quiz